calgary - Tate McRae - Statistics

General Stats
  • This quiz has been taken 16 times
  • The average score is 136 of 229
Answer Stats
% Correct
I
100%
I'm
90%
You
90%
a
80%
"I'll
80%
I'll
80%
me,
80%
me
80%
my
80%
Same
80%
same
80%
say
80%
that
80%
to
80%
And
70%
and
70%
are
70%
bar,
70%
do
70%
get
70%
like
70%
oh
70%
oh,
70%
better
60%
brother
60%
but
60%
But
60%
Can't
60%
dreams
60%
feel
60%
fifteen,
60%
fifteen
60%
it
60%
of
60%
still
60%
Still
60%
street
60%
the
60%
The
60%
thought
60%
tryna
60%
twenty,
60%
twenty
60%
was
60%
again,
50%
All
50%
always
50%
at
50%
back
50%
creature
50%
didn't
50%
don't
50%
Everyone
50%
fears,
50%
gone,
50%
habit
50%
lookin'
50%
No,
50%
on
50%
out,"
50%
out
50%
out,
50%
seem
50%
then
50%
They
50%
Yeah,
50%
Ah
40%
ah
40%
around
40%
barely
40%
best
40%
came
40%
catch
40%
day
40%
downtown
40%
drunk,
40%
feet
40%
figure
40%
Figure
40%
finally
40%
friends,
40%
gettin'
40%
got
40%
habits
40%
had
40%
hangin'
40%
is
40%
left
40%
lie,
40%
lot
40%
maybe
40%
mess
40%
neck
40%
never
40%
Never
40%
now,
40%
now
40%
one
40%
past
40%
pills
40%
pretendin',
40%
problems
40%
said
40%
seein'
40%
shit
40%
temptin',
40%
that's
40%
three
40%
together
40%
Tryin',
40%
what
40%
wow
40%
break
30%
chain
30%
land
30%
moment's
30%
Old
30%
right
30%
'round
30%
take
30%
No matching quizzes found
Score Distribution
Percent of People with Each Score
Percentile by Number Answered
Your Score History
You have not taken this quiz